|
|
|
|
| LEADER |
00000nam0a2200000 4500 |
| 001 |
44810 |
| 005 |
20231101210915.0 |
| 035 |
|
|
|a (RuTPU)RU\TPU\book\46546
|
| 090 |
|
|
|a 44810
|
| 100 |
|
|
|a 20021126d1978 k y0rusy50 ca
|
| 101 |
0 |
|
|a rus
|
| 102 |
|
|
|a RU
|
| 105 |
|
|
|a a z 001zy
|
| 200 |
1 |
|
|a Магнитные и спиновые эффекты в химических реакциях
|f А. Л. Бучаченко, Р. З. Сагдеев, К. М. Салихов
|g Сибирское отделение АН СССР; Институт химической физики; Институт химической кинетики и горения; Под ред. Ю. Н. Молина
|
| 210 |
|
|
|a Новосибирск
|c Наука
|d 1978
|
| 215 |
|
|
|a 296 с.
|c ил.
|
| 320 |
|
|
|a Библиогр.: с. 280-294.
|
| 606 |
1 |
|
|a Радикалы свободные
|x Химия
|2 stltpush
|3 (RuTPU)RU\TPU\subj\70569
|9 84788
|
| 610 |
1 |
|
|a химия
|
| 610 |
1 |
|
|a химические реакции
|
| 610 |
1 |
|
|a механизмы
|
| 610 |
1 |
|
|a рекомбинация
|
| 610 |
1 |
|
|a атомное ядро
|
| 610 |
1 |
|
|a химическая поляризация
|
| 610 |
1 |
|
|a магнитные эффекты
|
| 610 |
1 |
|
|a спиновые эффекты
|
| 610 |
1 |
|
|a электроны
|
| 675 |
|
|
|a 54.024
|v 3
|
| 700 |
|
1 |
|a Бучаченко
|b А. Л.
|g Анатолий Леонидович
|
| 701 |
|
1 |
|a Сагдеев
|b Р. З.
|g Ренат Зиннурович
|
| 701 |
|
1 |
|a Салихов
|b К. М.
|g Кев Минуллинович
|
| 702 |
|
1 |
|a Молин
|b Ю. Н.
|4 340
|
| 712 |
0 |
2 |
|a Академия наук СССР (АН СССР)
|b Сибирское отделение (СО)
|b Институт химической кинетики и горения (ИХКГ)
|c (Новосибирск)
|2 stltpush
|3 (RuTPU)RU\TPU\col\13432
|
| 801 |
|
1 |
|a RU
|b 63413507
|c 20021126
|g PSBO
|
| 801 |
|
2 |
|a RU
|b 63413507
|c 20170529
|g PSBO
|
| 942 |
|
|
|c BK
|